HACIA UN NUEVO ORDEN ESTATAL EN AMERICA LATINA: VEINTE TESIS SOCIOPOLITICAS Y UN COROLARIO/

Gorde:
Xehetasun bibliografikoak
Egile nagusia: Calderón, Fernando (autor)
Beste egile batzuk: Santos, Mario R. Dos (autor) (autor)
Formatua: Liburua
Gaiak:
Etiketak: Etiketa erantsi
Etiketarik gabe, Izan zaitez lehena erregistro honi etiketa jartzen!

MARC

LEADER 00000nam^a2200000^a^4500
001 000224057
005 20250521000000.0
009 20260310104037.821
020 |a 956-7083-02-8 
035 |a 042913 
037 |a Acervo Xavier Clavigero 
082 |a 320. 98  |b CAL 
100 |a Calderón, Fernando  |e (autor) 
245 1 0 |a HACIA UN NUEVO ORDEN ESTATAL EN AMERICA LATINA:  |b VEINTE TESIS SOCIOPOLITICAS Y UN COROLARIO/  |c FERNANDO CALDERON, MARIO R. DOS SANTOS 
264 |a CHILE :  |b FONDO DE CULTURA ECONOMICA,  |c 1991 
300 |a 166p. 
336 |a texto  |b txt  |2 rdacontenido 
337 |a sin mediación  |b n  |2 rdamedio 
338 |a volumen  |b nc  |2 rdasoporte 
649 |a XX 
650 |a Política -  |z Iberoamérica 
650 |a Iberoamérica -  |x Condiciones Económicas 
700 |a Santos, Mario R. Dos  |e (autor) 
910 |a Fondo General 
920 |a Impresos - Libros 
930 |a Colección General 
905 |a 101 
901 |a 042913  |b IT1  |c ACC  |i 042913  |u 20250521 
902 |a https://opac.biblio.iteso.mx/vufind/Record/000224057